• 首页
  • 本馆介绍
  • 公告通知
  • 最新文献
  • 馆藏检索
  • 电子资源
  • 读者导购
  • 参考咨询
  • 我的图书馆
  • 登录
  • 详细信息显示
  • 放入我的书架
  • 预约/预借图书
  • 作者相关作品
  • 分类相关作品
  • 丛书相关作品
  • 出版社相关作品

书目信息

  • 表格格式
  • 工作单格式
  • 卡片格式
书名: The Oxford dictionary of English etymology
作者: edited by C.T. Onions ; with the assistance of G.W.S. Friedrichsen and R.W. Burchfield.
分册号:
分册名:
出版地: Oxford :
 
出版社: Clarendon Press
出版时间: 1966.
页数: 1024 p. ;
开本: 24 cm.
丛书名:
中图分类号:
科图分类号:
其他分类号: H313.9-61
主题词:
电子资源:
000 00875nam 22002650a 4504
001 E0733895693
003 CaOON
005 20070302143606.21
008 030327s1966 uk d 0001 eng r
010    @a66071621
020    @a0198611129.
040    @aCaOON@beng@dCaOOS@dCaOLU@dDLC
055  3 @aPE1580@bO15
082    @a422/.03
090    @aJ686.4/W11
090    @aH313.9-61
099    @dH313.9-61@ex10
245 04 @aThe Oxford dictionary of English etymology / @cedited by C.T. Onions ; with the assistance of G.W.S. Friedrichsen and R.W. Burchfield.
260 0  @aOxford :@bClarendon Press,@c1966.
300    @a1024 p. ;@c24 cm.
650  0 @aEnglish language@xEtymology@xDictionaries.
700 10 @aOnions, C. T.
700 10 @aOnions, C. T.@q(Charles Talbut),@d1873-1965.
700 10 @aOnions, Charles Talbut,@d1873-1965.
920    @a232010@z2
    
    The Oxford dictionary of English etymology / / edited by C.T. Onions ; with the assistance of G.W.S. Friedrichsen and R.W. Burchfield.-Oxford : : Clarendon Press, , 1966.
    1024 p. ; ; 24 cm.
    
    
    ISBN 0198611129.
    
●
相关链接 在E读中查询图书 在五车中查询图书 在当当中查询图书 在豆瓣中查询图书


正题名:Oxford dictionary of English etymology     索取号:H313.9-61/x10         预约/预借

序号 登录号 条形码 馆藏地/架位号 状态 备注
1 180686   001299106   第二样本阅览室/ [索取号:H313.9-61/x10] 在馆    
2 180687   001299099   第四借阅区/ [索取号:H313.9-61/x10] 在馆    
3 180688   001299133   第四借阅区/ [索取号:H313.9-61/x10] 在馆    
4 180689   001299115   第四借阅区/ [索取号:H313.9-61/x10] 在馆    
5 180690   001299124   第四借阅区/ [索取号:H313.9-61/x10] 在馆    
唐山师范学院图书馆 欢迎您!
大连网信软件有限公司© 版权所有